| 000 | 00728nam a2200253Ia 4500 | ||
|---|---|---|---|
| 003 | OSt | ||
| 005 | 20220918184017.0 | ||
| 006 | a|||||r|||| 00| 0 | ||
| 007 | ta | ||
| 008 | 220917b |||||||| |||| 00| 0 eng d | ||
| 024 | _a43,682 | ||
| 037 | _cTextual | ||
| 040 |
_aARTS _cARTS _beng |
||
| 041 |
_2eng _aeng |
||
| 082 | _aO157,1M61x, 111N2 (MILSC) | ||
| 100 | _aTagore Rabindranath | ||
| 245 | 0 |
_aI won't let you go _b selected poems tr by Ketaki Kushari |
|
| 260 |
_aNew Delhi _bUBS Pub _c1992 |
||
| 300 |
_a272p. _ccm. |
||
| 500 | _aGlossary 258-72p | ||
| 650 | _aENGLISH LITERATURE | ||
| 942 |
_hO157,1M61x, 111N2 (MILSC) _cTEXL _2CC |
||
| 999 |
_c174755 _d174755 |
||